Základy džezovej interpretácie /

Hlavní autor: Horváth, Ivan, hudební skladatel
Další autoři: Wasserberger, Igor, 1937-
Jazyk: Slovenština
Vydáno: Bratislava : Opus, 1972
Vydání: 1. vyd.
Fyzický popis: 142 s.
Knihy
Uloženo v:
LEADER 00686nam a22002172a 4500
001 000484595
003 CZ BrMZK
005 20090528085510.0
007 ta
008 000105s1972 xo f slo d
040 |a BOA001  |b cze 
100 1 |a Horváth, Ivan,  |c hudební skladatel  |4 aut 
245 1 0 |a Základy džezovej interpretácie /  |c Ivan Horváth, Igor Wasserberger 
250 |a 1. vyd. 
260 |a Bratislava :  |b Opus,  |c 1972 
300 |a 142 s. 
504 |a Obsahuje bibliografii 
700 1 |a Wasserberger, Igor,  |d 1937-  |7 jk01151429  |4 aut 
910 |a BOA001  |b 1-0688.385 
990 |a BK 
996 7 |b 2619767268  |c 1-0688.385  |l MZK  |r Sklad / do 1 hodiny  |n 1  |w 000484595  |u 000010  |a 1  |e BOA001  |j MZK50  |s A